Phân tích lý hoá
Kaydedildi:
| Yazar: | |
|---|---|
| Materyal Türü: | Kitap |
| Baskı/Yayın Bilgisi: |
Giáo dục
2000
|
| Etiketler: |
Etiketle
Etiket eklenmemiş, İlk siz ekleyin!
|
| Thư viện lưu trữ: | Mạng thư viện Đại học Đà Nẵng |
|---|
| LEADER | 00533nam a2200229 a 4500 | ||
|---|---|---|---|
| 001 | 000029991 | ||
| 003 | 13591 | ||
| 005 | 20171030145630.0 | ||
| 008 | 171030s2000 | ||
| 020 | |c 34700 | ||
| 040 | |a LTT | ||
| 082 | 0 | |a 543 |b HÔ-Q | |
| 100 | 1 | |a Hồ Viết Quý | |
| 245 | 0 | 0 | |a Phân tích lý hoá |c Hồ Viết Quý. |
| 260 | |b Giáo dục |c 2000 | ||
| OWN | |a LTT | ||
| 999 | |a From the UDN01 | ||
| TYP | |a Monograph | ||
| TYP | |a Printed language | ||
| 980 | |a Mạng thư viện Đại học Đà Nẵng | ||